000
00285nam a2200109Ia 4500
008
230907s9999||||xx |||||||||||||| ||und||
082
_a
658.26
_b
BRO
100
_a
Brown, Roger,
_9
116178
245
0
_a
Practical solutions for energy savings :
300
_a
xiv, 196 pages ;
942
_c
BK
999
_c
601515
_d
601515